El motor diesel : (Record no. 19098)

000 -CABECERA
fixed length control field 00838nam a22002057a 4500
003 - IDENTIFICADOR DEL NÚMERO DE CONTROL
control field AR-CdUCM
008 - DATOS DE LONGITUD FIJA--INFORMACIÓN GENERAL
fixed length control field 190506b ||||| |||| 00| 0 spa d
040 ## - FUENTE DE LA CATALOGACIÓN
Agencia/entidad que catalogó originalmente la obra MUNICIPALIDAD PROVINCIAL DEL CUSCO
Entidad que transcribió la catalogación BIBLIOTECA MUNICIPAL DEL CUSCO
082 ## - NÚMERO DE LA CLASIFICACIÓN DECIMAL DEWEY
No. de Clasificación 621.436 /
Notacion interna L24
100 ## - ENTRADA PRINCIPAL--NOMBRE DE PERSONA
Nombre Personal Lapieza Cabral, Angel
245 ## - MENCIÓN DE TÍTULO
Título El motor diesel :
Resto del título Teoría funcionamiento y conservación /
260 ## - PUBLICACIÓN, DISTRIBUCIÓN, ETC.
Lugar de publicación, distribución, etc. Buenos Aires :
Nombre de la editorial, distribuidor, etc. Hobby C. e I.,
Fecha de publicación, distribución, etc. 1960..
300 ## - DESCRIPCIÓN FÍSICA
Nº de Páginas Extensión 219 páginas ;
Otros detalles físicos figuras, tablas,
Dimensiones 24 cm.
505 ## - NOTA DE CONTENIDO CON FORMATO
Nota de contenido formateada Contenido: Nociones básicas -- El calor -- Diesel 4 tiempos -- El calor (continuación) -- Diesel de 4 tiempos (continuación) -- Lubricación y enfriado -- El funcionamiento ...
650 ## - PUNTO DE ACCESO ADICIONAL DE MATERIA--TÉRMINO DE MATERIA
Descriptor Motores Diesel
9 (RLIN) 36490
650 ## - PUNTO DE ACCESO ADICIONAL DE MATERIA--TÉRMINO DE MATERIA
Descriptor Mecánica
9 (RLIN) 18682
650 ## - PUNTO DE ACCESO ADICIONAL DE MATERIA--TÉRMINO DE MATERIA
Descriptor Ingenieria
9 (RLIN) 10043
942 ## - ELEMENTOS DE PUNTO DE ACCESO ADICIONAL (KOHA)
Fuente de clasificación
Tipo de item Libros-BMC
945 ## - PROCESAMIENTO DE INFORMACIÓN LOCAL (OCLC)
Catalogador wnts
AAAA-MM-DD - Fecha de ingreso o modificacion 2019-05-16
Holdings
Estado de retiro (separado) Fuente de clasificación o esquema de estanterías Estado dañado Ubicación Sala donde se ubica Nombre de la colección Fecha de adquisición o compra Costo, precio normal en soles Signatura topográfica Código de Barras Última vez visto (Koha) Tipo de ítem (Koha)
No     Sala Ciencias Sala Ciencias Book Cart 2019-05-16 45.00 621.436 / L24 SC0000001764 2019-05-16 Libros-BMC

Powered by Koha